Normal view
MARC view
- Casemore, Roger.
Entry Personal Name
001 - CONTROL NUMBER
- control field: 4319
003 - CONTROL NUMBER IDENTIFIER
- control field: NUST
005 - DATE AND TIME OF LATEST TRANSACTION
- control field: 20170828123857.0
008 - FIXED-LENGTH DATA ELEMENTS
- fixed length control field: 170828|| aca||aabn | a|a d
040 ## - CATALOGING SOURCE
- Original cataloging agency: NUST
- Transcribing agency: NUST
100 ## - HEADING--PERSONAL NAME
- Personal name: Casemore, Roger.
670 ## - SOURCE DATA FOUND
- Source citation: Work cat.: (NUST)0: Casemore, Roger., Person-centred counselling in a nutshell /, c2011.
